000
00190 a2200097 4500
020
_a
9780684815480
041
_a
spa
100
_a
Magallanes eduardo
245
_a
Querido alberto
942
_c
BK
999
_c
9270
_d
9270